[Event "IECG QN.2002.0.00246"]
[Site "IECG email"]
[Date "2002.11.10"]
[Round "?"]
[White "Bisplinghoff, Steffen"]
[Black "Aloy, Alfon"]
[Result "1-0"]
[WhiteElo "699"]
[BlackElo "870"]
[PlyCount "20"]
[EventDate "2002.11.10"]
[EventType "tourn (corr)"]
[EventRounds "6"]
[SourceTitle "Corr 2008"]
[Source "ChessBase"]
[SourceDate "2008.06.24"]
[SourceVersion "1"]
[SourceVersionDate "2008.06.24"]
[SourceQuality "1"]

1. e4 Nc6 2. Nf3 d5 3. exd5 Qxd5 4. Nc3 Qa5 5. Bb5 Nf6 6. 0-0 Bg4 7. a3 0-0-0 8. b4 Nxb4 9. Bb2 Nbd5 10. Be2 Nf4 1-0

[Event "IECG QN.2002.0.00246"]
[Site "IECG email"]
[Date "2002.11.10"]
[Round "?"]
[White "Bisplinghoff, Steffen"]
[Black "Sedlarov, Todor"]
[Result "0-1"]
[WhiteElo "699"]
[BlackElo "800"]
[PlyCount "42"]
[EventDate "2002.11.10"]
[EventType "tourn (corr)"]
[EventRounds "6"]
[SourceTitle "Corr 2008"]
[Source "ChessBase"]
[SourceDate "2008.06.24"]
[SourceVersion "1"]
[SourceVersionDate "2008.06.24"]
[SourceQuality "1"]

1. e4 e6 2. d4 d5 3. Nc3 Bb4 4. Bd2 dxe4 5. Nxe4 Qxd4 6. Nc3 Ne7 7. Nf3 Qf6 8. Bg5 Bxc3+ 9. bxc3 Qxc3+ 10. Bd2 Qc5 11. Be3 Qb4+ 12. Bd2 Qd6 13. Bd3 Ng6 14. Qe2 Nf4 15. Bxf4 Qxf4 16. 0-0 0-0 17. g3 Qf6 18. Qe4 g6 19. Rae1 Bd7 20. Re2 Bc6 21. Qh4 Qxf3 0-1